000
00175nam a2200073Ia 4500
008
170524s9999 xx 000 0 und d
100
_a
RATHOR- B.S
245
0
_a
EXPORT MARKETING
260
_b
HIMALYA PUB. HOUSE
999
_c
8200
_d
8200